Splatoon 3 Character Quiz - Statistics

General Stats
  • This quiz has been taken 340 times
  • The average score is 14 of 21
Answer Stats
Hint Answer % Correct
A member of "Off the Hook" marina
96%
A member of "Off the Hook" pearl
96%
Main character of story mode agent 3
95%
"Agent 2" marie
95%
A member of "Deep Cut" shiver
95%
A member of "Deep Cut" big man
94%
A member of "Deep Cut" frye
94%
"Agent 1" callie
93%
Leader of octarians dj octavio
87%
Founder of Grizzico Industries mr grizz
81%
Grandfather of Agent 1 and Agent 2 cuttlefish
79%
Shopkeeper of Ammo Knights sheldon
73%
"Little Buddy" smallfry
67%
Shopkeeper of Hotlantis harmony
62%
Computer system in story mode orca
51%
Shopkeeper of Crush Station mr coco
36%
Shopkeeper of Naut Couture gnarly eddy
31%
Shopkeeper of Jelly Fresh jelonzo
26%
Shopkeeper of Man o' wardrobe jel la fleur
24%
Runs Table Turf Battle Dojo, Crab-n-Go, and Recon mode staff
23%
2nd boss master mega
8%
No matching quizzes found
Score Distribution
Percent of People with Each Score
Percentile by Number Answered
Your Score History
You have not taken this quiz